000 01047nam a22002895i 4500
001 171631
003 ES-MaACL
005 20230906214701.0
008 090522q19811850fr af |||| | fre d
080 _a087.5:82
100 1 _aPerrault, Charles.
_991333
245 1 0 _aContes
_b: suivis du Miroir ou la Métamorphose d'Orante ; de La Peinture, Poème ; et du Labyrinthe de Versailles /
_cPerrault ; édition présentée, établie et annotée par Jean-Pierre Collinet.
260 _a[Paris] :
_bGallimard,
_c1981.
300 _a374 p. ;
_c18 cm.
490 1 _aFolio ;
_v1281
500 _aCronología.
504 _aBibliografía.
600 0 4 _aPerrault, Charles.
_991333
650 0 7 _aCuentos
_2embne
_9175847
700 1 _aCollinet, Jean-Pierre.
_9140302
740 0 _aMiroir ou la Métamorphose d'Orante.
740 3 _aLa Peinture, poème.
740 0 _aLabyrinthe de Versailles.
830 0 _aFolio ;
_v1281
_9178839
852 4 _aES-MaACL
_jE-12663
_9R.140257
_z. - Biblioteca Jacinto Martínez Lacalle
999 _c171631
_d171631